| Tag |
First Indicator |
Second Indicator |
Subfields |
| LEADER |
00000cam a2200000 4500 |
| 001 |
in00000090790 |
| 005 |
20150923131144.0 |
| 008 |
710715s1971 nyuac b 00110beng |
| 010 |
|
|
|a 71149419
|
| 035 |
|
|
|a (OCoLC)00149708
|
| 035 |
|
|
|9 AAK6633AM
|
| 037 |
|
|
|c $15.00
|
| 040 |
|
|
|a DLC
|c DLC
|d m.c.
|d TXA
|d UtOrBLW
|
| 049 |
|
|
|a TXAM
|c [1503418]
|
| 050 |
0 |
0 |
|a QC16 E5
|b C5
|
| 082 |
0 |
|
|a 530/.0924
|a B
|
| 100 |
1 |
|
|a Clark, Ronald
|q (Ronald William),
|d 1916-1987.
|
| 245 |
1 |
0 |
|a Einstein: the life and times /
|c [by] Ronald W. Clark.
|
| 264 |
|
1 |
|a New York :
|b World Pub. Co.,
|c [1971]
|
| 264 |
|
4 |
|c [©1971]
|
| 300 |
|
|
|a xv, 718 pages :
|b illustrations, portraits ;
|c 24 cm.
|
| 336 |
|
|
|a text
|b txt
|2 rdacontent
|
| 337 |
|
|
|a unmediated
|b n
|2 rdamedia
|
| 338 |
|
|
|a volume
|b nc
|2 rdacarrier
|
| 504 |
|
|
|a Bibliography: pages 633-648.
|
| 600 |
1 |
0 |
|a Einstein, Albert,
|d 1879-1955.
|
| 999 |
|
|
|a MARS
|
| 999 |
f |
f |
|s 650aae2c-85cf-3887-93fd-0f7b64d20e42
|i b5f0b239-1a88-3103-b1a0-5f51fdd35df6
|t 0
|
| 952 |
f |
f |
|p normal
|a Texas A&M University
|b College Station
|c Sterling C. Evans Library
|s Evans stk
|d Evans: Library Stacks
|t 0
|e QC16 E5 C5
|h Library of Congress classification
|i unmediated -- volume
|m A14804590240
|
| 998 |
f |
f |
|a QC16 E5 C5
|t 0
|l Evans: Library Stacks
|